000 00262nam a22001217a 4500
008 170715b xxu||||| |||| 00| 0 eng d
041 _aeng
080 _a2
100 _a24
101 _aTEO
245 _aCOMINGS OF THE COSMIC CHRIST
_cFOX, M
942 _2udc
_cBK
999 _c21146
_d21146